[Event "Villa Santiago op"]
[Site "Santiago de Cuba"]
[Date "2018.08.09"]
[Round "2"]
[White "Cabrera Ramos, Brenda Milagros"]
[Black "Alegre Leyva, Alejandro"]
[Result "0-1"]
[WhiteElo "1526"]
[BlackElo "2257"]
[PlyCount "62"]
[EventDate "2018.08.08"]
[EventType "swiss"]
[EventRounds "7"]
[EventCountry "CUB"]
[SourceTitle "EXT 2021"]
[Source "ChessBase"]
[SourceDate "2020.10.23"]
[SourceVersion "1"]
[SourceVersionDate "2020.10.23"]
[SourceQuality "1"]

1. d4 d6 2. Nf3 f5 3. e3 Nf6 4. c4 g6 5. Bd3 Bg7 6. b3 0-0 7. Bb2 e5 8. dxe5 Ng4 9. h3 Nxe5 10. Nxe5 dxe5 11. 0-0 Nc6 12. Nc3 f4 13. exf4 exf4 14. Be4 Nd4 15. Na4 Kh8 16. Bd5 Nf5 17. Bxg7+ Kxg7 18. Nc5 c6 19. Ne6+ Bxe6 20. Bxe6 Nd4 21. Bg4 f3 22. Bxf3 Nxf3+ 23. gxf3 Qg5+ 24. Kh2 Qf6 25. Kg2 Rad8 26. Qe2 Rde8 27. Qd3 Re5 28. Rae1 Rg5+ 29. Kh1 Rh5 30. Qd7+ Rf7 31. Qg4 Rh4 0-1